US Cities with Most Homicides (2012) - Statistics

General Stats
  • This quiz has been taken 1,602 times
  • The average score is 11 of 15
Answer Stats
Hint Answer % Correct
299 Los Angeles
96%
419 New York
96%
500 Chicago
95%
386 Detroit
91%
154 Dallas
84%
217 Houston
84%
193 New Orleans
74%
331 Philadelphia
74%
219 Baltimore
67%
113 St. Louis
65%
124 Phoenix
60%
133 Memphis
55%
105 Kansas City
46%
101 Indianapolis
40%
126 Oakland
37%
No matching quizzes found
Score Distribution
Percent of People with Each Score
Percentile by Number Answered
Your Score History
You have not taken this quiz